000 003890000a22001330004500
008 230817t ||||| |||| 00| 0 eng d
082 _a305.42
_bSRI
110 _aSri Lanka, Ministry of health & women's affairs
245 _aStatus of Women (Shri Lanka)
260 _aColombo:
_bMinistry of Health & Women's Affairs
_c1993
300 _a116 p.
650 _aFEMINISM-Sri Lanka
942 _cRP
999 _c2429
_d2429